Music Quiz

Random Music or Song Quiz

Opening Lyrics VI Quiz Stats

Quiz Updated Aug 4, 2017

Challenge
Share
Tweet
Embed
Score 0/19 Timer 06:00
4 Plays Today
Lyric Song % Correct
Well you can tell by the way I use my walk, I'm a woman's man, no time to talkStayin' Alive
68.4%
We don't need no education, we don't need no thought controlAnother Brick in the Wall Part 2
63%
I wanna hold 'em like they do in Texas place, fold 'em, let 'em hit me, raise it, baby stay with mePoker Face
62.3%
She was a fast machine, she kept her motor cleanYou Shook Me All Night Long
54.2%
I remember when rock was young, me and Susie had so much funCrocodile Rock
53.4%
It's close to midnight and something evil's lurking in the darkThriller
50.5%
Go! So 1,2,3 take my hand and come with me because you look so fine that I really want to make you mineAre You Gonna Be My Girl
50.1%
How many special people change? How many lives are living strange? Where were you while we were getting high?Champagne Supernova
42.8%
All around me are familiar faces, worn out places, worn out facesMad World
42.1%
Out here in the fields, I fight for my meals, I get my back into my livingBaba O'Riley
36.9%
Lyric Song % Correct
Deep down in Louisiana close to New Orleans, way back up in the woods among the evergreensJohnny B. Goode
36.4%
Oh yeah I'll tell you something, I think you'll understandI Want to Hold Your Hand
35.2%
Maybe I need some rehab, Or maybe just need some sleepYour Love is My Drug
30.5%
You need coolin', baby, I'm not foolin', I'm gonna send you back to schoolin'Whole Lotta Love
24.8%
We all went out to Montreux, on the Lake Geneva shorelineSmoke on the Water
17.7%
Looking out a dirty old window, down below the cars in the city go rushing byKids in America
17.2%
When you were here before, couldn't look you in the eyeCreep
14%
Old pirates, yes, they rob I sold I to the merchant ships, minutes after they took I from the bottomless pitRedemption Song
11.8%
I feel uptight on a Saturday night, 9 o'clock the radio's the only lightDetroit Rock City
7.4%

You're not logged in!

Compare scores with friends on all Sporcle quizzes.
Sign Up with Email
OR
Log In

You Might Also Like...

Show Comments

Extras

Top Quizzes Today


Score Distribution

Your Account Isn't Verified!

In order to create a playlist on Sporcle, you need to verify the email address you used during registration. Go to your Sporcle Settings to finish the process.